La estudiantina / (Record no. 180736)

MARC details
000 -LEADER
campo de control de longitud fija 00518nam a2200193 i 4500
001 - NÚMERO DE CONTROL
campo de control 180736
003 - IDENTIFICADOR DE NÚMERO DE CONTROL
campo de control ES-MaACL
005 - FECHA Y HORA DE LA ÚLTIMA TRANSACCIÓN
campo de control 20230906221157.0
008 - DATOS DE LONGITUD FIJA--INFORMACIÓN GENERAL
campo de control de longitud fija 120705s1959 sp |||| | spa d
080 ## - NÚMERO DE LA CLASIFICACIÓN DECIMAL UNIVERSAL
Número de la Clasificación Decimal Universal 821.134.2-3"19"
100 0# - ENTRADA PRINCIPAL--NOMBRE DE PERSONA
Nombre de persona Juperisa
Títulos y otros términos asociados al nombre (seud.)
9 (RLIN) 150859
245 13 - MENCIÓN DEL TÍTULO
Título La estudiantina /
Mención de responsabilidad, etc. por Juperisa.
260 ## - PUBLICACIÓN, DISTRIBUCIÓN, ETC.
Lugar de publicación, distribución, etc. Barcelona :
Nombre del editor, distribuidor, etc. Don Bosco,
Fecha de publicación, distribución, etc. [1959]
300 ## - DESCRIPCIÓN FÍSICA
Extensión 93 p. ;
Dimensiones 11 cm.
490 1# - MENCIÓN DE SERIE
Mención de serie Ardilla ;
Designación de volumen o secuencia 99
830 0# - PUNTO DE ACCESO ADICIONAL DE SERIE-TÍTULO UNIFORME
Título uniforme Ardilla ;
Designación de volumen o secuencia 99
9 (RLIN) 191326
852 ## - LOCALIZACIÓN
Ubicación ES-MaACL
Número de control de estantería 2312-F-9
Holdings
Estatus retirado Estado de pérdida Estado de daño No para préstamo Colección Biblioteca de origen Biblioteca actual Ubicación en estantería Fecha de adquisición Fuente de adquisición Total de préstamos Signatura topográfica completa Código de barras Visto por última vez Precio de reemplazo Tipo de ítem Koha
        Colección de folletos Biblioteca del Ateneo de Madrid Biblioteca del Ateneo de Madrid Depósito folletos 05/07/2012     2312-F-9 1189924 23/02/2023 23/02/2023 Folleto